000 00461nam a22001697a 4500
008 111026t xxu||||| |||| 00| 0 eng d
020 _a0-89862-451-7
040 _aBUAC
_cCDIRSP
041 _aEn
100 _aNEWELL,Colin
_919744
245 _aMethods and models in demography
_c / Colin NEWELL
260 _aNew york :
_bThe Guilford press,
_c1988
300 _a217 p.
650 _aDémographie
_919745
653 _aMéthodes
_aModèles
942 _cLIV
999 _c49834
_d49834